000 00787nam a22002177a 4500
999 _c19440
_d19440
003 AR-CdUCM
008 190517b ||||| |||| 00| 0 spa d
040 _aMUNICIPALIDAD PROVINCIAL DEL CUSCO
_cBIBLIOTECA MUNICIPAL DEL CUSCO
082 _a306.0985 /
_bL29
100 _aLauer, Mirko
_91114
245 _aAndenes imaginarios :
_bDiscurso del indigenismo 2 /
260 _aLima :
_bCBC,
_c1997.
300 _a125 páginas ;
_c22 cm.
440 _aTemas de actualidad
_n4
_940766
505 _aContenido: Raíces del discurso indigenista 2 -- La recepcion del indigenismo 2 -- El indigenismo 2 como heterodoxia cultural y fenómeno de frontera ...
650 _aIndigenismo
_9208
650 _aCultura
_9126
650 _aPerú
_935
942 _2ddc
_cLIBROS
945 _arah
_d2019-05-17